000 00610nam a22002417a 4500
003 UA-OsUOA
001 121642
007 ta
008 20170327b un ||||| |||| 00| 0 ukr d
100 _aСидоржевський М. О.
090 _a323(477)2
_bС34
942 _cBK
040 _aUA-OsUOA
_bukr
_cUA-OsUOA
_dUA-OsUOA
245 _aЗдвиг
_bпубліцистика
300 _a152 с.
955 _a3
041 _aukr
080 _a323(477)2
591 _aДімаров А.
260 _aК.
_bЯрославів Вал
_c1999
650 7 _a32 Політика
_2UDC
999 _c407749
_d407749